Holy places of Christendom / (Record no. 129587)
[ view plain ]
| 000 -LEADER | |
|---|---|
| fixed length control field | 00779nam a2200253 i 4500 |
| 001 - CONTROL NUMBER | |
| control field | 363125 |
| 003 - CONTROL NUMBER IDENTIFIER | |
| control field | ARRUPE |
| 005 - DATE AND TIME OF LATEST TRANSACTION | |
| control field | 20190509101119.0 |
| 008 - FIXED-LENGTH DATA ELEMENTS--GENERAL INFORMATION | |
| fixed length control field | 770303s1976 enkab 001 0 eng |
| 010 ## - LIBRARY OF CONGRESS CONTROL NUMBER | |
| LC control number | 77353538 |
| 015 ## - NATIONAL BIBLIOGRAPHY NUMBER | |
| National bibliography number | GB76-28724 |
| 020 ## - INTERNATIONAL STANDARD BOOK NUMBER | |
| International Standard Book Number | 0264660579 : |
| Terms of availability | £4.95 |
| 040 ## - CATALOGING SOURCE | |
| Original cataloging agency | DLC |
| Transcribing agency | DLC |
| Modifying agency | DLC |
| 050 00 - LIBRARY OF CONGRESS CALL NUMBER | |
| Classification number | BV895 |
| Item number | .P47 |
| 082 00 - DEWEY DECIMAL CLASSIFICATION NUMBER | |
| Classification number | 263/.042 |
| 300 ## - PHYSICAL DESCRIPTION | |
| Other physical details | ill. (chiefly col.), map ; |
| Dimensions | 27 cm. |
| 100 1# - MAIN ENTRY--PERSONAL NAME | |
| Personal name | Perowne, Stewart, |
| Dates associated with a name | 1901- |
| 9 (RLIN) | 46342 |
| 245 10 - TITLE STATEMENT | |
| Title | Holy places of Christendom / |
| Statement of responsibility, etc | [by] Stewart Perowne. |
| 260 ## - PUBLICATION, DISTRIBUTION, ETC. (IMPRINT) | |
| Place of publication, distribution, etc | London : |
| Name of publisher, distributor, etc | Mowbrays, |
| Date of publication, distribution, etc | 1976. |
| 300 ## - PHYSICAL DESCRIPTION | |
| Extent | 160 p. : |
| 500 ## - GENERAL NOTE | |
| General note | Ill. on lining papers. |
| 500 ## - GENERAL NOTE | |
| General note | Includes index. |
| 650 #0 - SUBJECT ADDED ENTRY--TOPICAL TERM | |
| Topical term or geographic name as entry element | Christian shrines. |
| 9 (RLIN) | 46343 |
| 906 ## - LOCAL DATA ELEMENT F, LDF (RLIN) | |
| a | 7 |
| b | cbc |
| c | orignew |
| d | 3 |
| e | ncip |
| f | 19 |
| g | y-gencatlg |
| 942 ## - ADDED ENTRY ELEMENTS (KOHA) | |
| Source of classification or shelving scheme | Library of Congress Classification |
| Koha item type | Monograph ( Printed materials) |
| Withdrawn status | Lost status | Source of classification or shelving scheme | Damaged status | Not for loan | Collection code | Home library | Current library | Shelving location | Date acquired | Total Checkouts | Full call number | Barcode | Date last seen | Price effective from | Koha item type |
|---|---|---|---|---|---|---|---|---|---|---|---|---|---|---|---|
| Library of Congress Classification | Main Collection | ARRUPE LIBRARY | ARRUPE LIBRARY | Main Collection | 09/05/2019 | BV895 .P47 | 46003071410 | 09/05/2019 | 09/05/2019 | Monograph ( Printed materials) |